000 01254nam a22003857a 4500
003 CHAP
005 20220817041257.0
008 971013s1992 r 00010 d
010 _a10128
011 _a11100
035 _a10338
040 _cCHAP
082 _a633
_bM39 v.8-14
110 _aMéxico. Dirección General de Política Agrícola
_977030
245 _aSistema producto flores
_b: datos básicos
260 _aMéxico, D.F. :
_bLa Dirección,
_c1992
300 _ac.a. 42 h
501 _aEnc. con otros impresos similares
590 _aBATCH-UPD
_b10
_c20130110
_lUCH01
_h0037
590 _aBATCH-UPD
_b10
_c20130110
_lUCH01
_h1307
590 _aBATCH-UPD
_b10
_c20130410
_lUCH01
_h0822
590 _aBATCH-UPD
_b10
_c20130914
_lUCH01
_h1417
590 _aCONVERSION
_b10
_c20130109
_lUCH01
_h1306
650 1 4 _aFlores
_xExportación.
_941378
650 1 4 _aFlores
_xImportación.
_941383
650 1 4 _aFlores
_xMercadeo.
_941388
650 1 4 _aFlores
_xNormas de calidad.
_941395
650 1 4 _aFlores
_xProducción.
650 1 4 _aFlores
_xRendimiento.
_941407
650 1 4 _aFloricultura
_zMéxico.
_941852
650 1 4 _aPlantas ornamentales.
901 _aBK
942 _cLIBRO
949 _a633 M39 v.8-14
_bBC
_cC
_d-21836
_eC
_h85090
_i10338
_si
999 _c10128
_d10128